Statistics for Every City in the United Kingdom With a Map

Click here to take the quiz!

General Stats

  • This quiz has been taken 501 times
  • The average score is 41 of 69

Answers on the Map

Answers color-coded by a green-red scale on the quiz's map according to % correct below.
Loading ...
 

Answer Stats

City% Correct
City of London
98%
Glasgow
97%
Edinburgh
96%
Belfast
96%
Manchester
95%
Liverpool
94%
Cardiff
93%
Birmingham
93%
Aberdeen
91%
Newcastle upon Tyne
89%
Leeds
86%
Bristol
84%
Oxford
84%
Swansea
83%
Cambridge
82%
Nottingham
81%
Brighton & Hove
80%
Plymouth
80%
Sheffield
79%
Norwich
79%
Southampton
78%
Leicester
78%
York
78%
Londonderry
77%
Portsmouth
77%
Inverness
77%
Kingston upon Hull
73%
Dundee
72%
Exeter
65%
Bath
65%
Carlisle
64%
Sunderland
61%
Bradford
58%
Coventry
58%
Derby
58%
Perth
57%
Chester
57%
Durham
57%
Gloucester
55%
Lincoln
53%
Wolverhampton
52%
Stoke-on-Trent
52%
Canterbury
52%
Newport
50%
Truro
50%
Lancaster
49%
Preston
48%
Worcester
46%
Stirling
46%
Hereford
42%
Winchester
41%
Bangor
39%
Peterborough
39%
Westminster
37%
St David's and the
Cathedral Close
37%
Salisbury
35%
Armagh
33%
Chichester
33%
Ely
31%
Salford
29%
Wakefield
27%
Chelmsford
27%
Newry
26%
St Albans
25%
Lisburn
24%
Wells
22%
Ripon
22%
St Asaph
20%
Lichfield
18%

Score Distribution

Percentile by Number Answered

Percent of People with Each Score

Your Score History

You have not taken this quiz